| 000 | 00982nam a22002297a 4500 | ||
|---|---|---|---|
| 999 |
_c21695 _d21695 |
||
| 003 | AR-CdUCM | ||
| 008 | 190425b ||||| |||| 00| 0 spa d | ||
| 040 |
_aMUNICIPALIDAD PROVINCIAL DEL CUSCO _cBIBLIOTECA MUNICIPAL DEL CUSCO |
||
| 082 |
_aRev.Univ/N°19/1917 _bRev.Univ/N°19/1917 |
||
| 110 |
_aUniversidad Nacional de San Antonio Abad del Cusco _915942 |
||
| 245 |
_aRevista Universitaria : _bÓrgano de la Universidad del Cuzco / |
||
| 260 |
_aCusco : _bEl Trabajo, _cmarzo 1917. |
||
| 300 |
_a50 páginas. : _c20 cm. |
||
| 440 |
_aRevista Universitaria _nAño VI, marzo 1917, N°19 _945801 |
||
| 505 | _aContenido: Las universidades menores. César Antonio Ugarte. -- Fragmentos de las monografías de la provincia de La Convención. Enrique Rosell. | ||
| 650 |
_aHistoria de La Convención _924367 |
||
| 650 |
_aUniversidades _92151 |
||
| 650 |
_aSiglo XX _945802 |
||
| 710 |
_aUniversidad Nacional de San Antonio Abad del Cusco _915942 |
||
| 942 |
_2ddc _cPP |
||
| 945 | _arac | ||